=LDR 00000nam 2200000 4500 =001 INLIS000000000048478 =005 20240219103642 =035 ##$$a 0010-111600000000057 =008 240219################g##########0#ind## =020 ##$$a 978-979-769-276-6 =040 ##$$a NBPDMAT =082 ##$$a 650 =090 ##$$a 650$bFra p =100 ##$$a Francis Tantri =245 1#$$a Pengantar bisnis /$c / Fracis Tantri =250 ##$$a Cet, 5 =260 ##$$a Jakarta :$b Rajawali Press,$c 2014 =300 ##$$a xiv, 220 hlm. : $b ilus. ; $c 21 cm =500 ##$$a Bibliografi hlm. : 215 - 218 =500 ##$$a Biografinhlm. : 219 - 220 =650 #4$$a Bisnis =850 ##$$a NBPDMAT =084 ##$$a 650 FRA p =990 ##$$a 51600151 =990 ##$$a 01201807576 =990 ##$$a 01201807777 =990 ##$$a 51600151 =990 ##$$a 01201807576 =990 ##$$a 01201807777